000 00392nam a2200121 a 4500
001 000037482
005 20200930080405.0
008 120420s1988 pn 000 0 spa d
040 _aDO-SdBNP
_bspa
_cBNPHU
245 0 0 _aManual de cultivo del camarón de río gigante de Malasia.
260 _aPanama :
_bCentro de Documentación e Información de Acuicultura,
_c1988.
300 _a29 p. ;
_c22 cm.
999 _c36972
_d36972